000 01241cam a2200373 a 4500
001 000008205
003 DO-SdBPM
005 20251030120215.0
007 ta
008 090915s2000 sp 000 f spa d
020 _a8481302139
040 _aDO-SdBPM
_bspa
_cBPMSU
_erda
082 4 _a813.5
_bC246a 1999
_222
092 _a
100 1 _aCapote, Truman,
_d1924-1984
240 1 0 _aIn cold blood.
_lEspañol
245 1 0 _aA sangre fría /
_cTruman Capote ; traducción de Fernando Rodríguez ; prólogo de Clara Sánchez.
264 _aMadrid :
_bMillenium,
_c1999
300 _a317 páginas ;
_c21 cm.
336 _atexto
_btxt
_2rdacontent
337 _asin mediación
_bn
_2rdamedia
338 _avolumen
_bnc
_2rdacarrier
490 0 _aJoyas del milenio
_v92
534 _pTítulo original: In cold blood
_cBarcelona : Bibliotex, 2000.
590 _aInventariado, 2025/VM
650 7 _a Novela estadounidense
650 7 _aNovela psicológica estadounidense.
650 7 _aNovela policíaca estadounidense.
650 7 _aAsesinato
_zEstados Unidos
_xNovela
700 1 _aSánchez, Clara,
_eprólogo
700 1 _aRodríguez, Fernando,
_etraductor
910 _aVMateo V. Control de calidad. BPMSU
942 _2ddc
_cBK
999 _c7513
_d7513